000 00576nam a2200193Ia 4500
003 GCL
008 140319s9999 xx 000 0 ara d
040 _aGCL /
_cGCL
082 0 4 _a787.61
_bم ق
100 1 _aمجدى الكومى
245 1 0 _aقواعد العزف على الجيتار /
_cمجدى الكومى
300 _a49 ص
490 _aالهيئة العامة للاستعلامات
_v0
650 0 4 _aالموسيقى
650 0 4 _aالالات الموسيقية
650 0 4 _aالسلم الموسيقى
650 0 4 _aالجيتار
942 _2ddc
_cBK
999 _c50006
_d50006